| 000 | 00642nam a2200229Ia 4500 | ||
|---|---|---|---|
| 005 | 20250508163856.0 | ||
| 008 | 008 250505s9999 xx 000 0 eng d | ||
| 020 | _a0-7619-6881-4 | ||
| 037 | _aReference | ||
| 040 |
_aFEDL _beng _cFEDL |
||
| 041 |
_aeng _2eng |
||
| 084 |
_a370.733, MUI _qFEDL |
||
| 100 | _aMuijs Daniel | ||
| 245 | 0 | _aEffective teaching: Evidence and practice | |
| 260 |
_aLondon, UK _bPaul Chapman Publishing _c2001 |
||
| 300 | _axi,244p | ||
| 365 |
_aGBP _b16.99 |
||
| 650 | _aTeacher education | ||
| 700 |
_a Reynolds David _9776636 |
||
| 942 |
_cREF _h370.733, MUI |
||
| 999 |
_c1385737 _d1385737 |
||